MARC

LEADER 00000nam0a2200000 4500
001 171298
005 20231031163946.0
035 |a (RuTPU)RU\TPU\book\185756 
090 |a 171298 
100 |a 20091203d1960 m y0rusy50 ca 
101 0 |a rus 
102 |a RU 
105 |a a z 001zy 
200 1 |a Теплообмен в камерах сгорания паровых котлов  |f П. К. Конаков, С. С. Филимонов, Б. А. Хрусталев 
210 |a Москва  |c Речной транспорт  |d 1960 
215 |a 270 с.  |c ил. 
320 |a Библиогр.: с. 262-267 
606 1 |a Котельные топки  |x Теплообмен  |2 stltpush  |3 (RuTPU)RU\TPU\subj\15947 
610 1 |a паровые котлы 
610 1 |a камеры сгорания 
675 |a 621.18.016  |v 4 
700 1 |a Конаков  |b П. К.  |g Петр Кузьмич 
701 1 |a Филимонов  |b С. С. 
701 1 |a Хрусталев  |b Б. А. 
801 1 |a RU  |b 63413507  |c 20091203 
801 2 |a RU  |b 63413507  |c 20210609  |g RCR 
942 |c BK